Größte schleswig-holsteinische Stadien - Statistiken

Allgemein
  • Dieses Quiz wurde 7 mal gespielt
  • Das Durchschnittsergebnis liegt bei 3 aus 10
Antwortstatistiken
Verein Kapazität Stadioname % Korrekt
Holstein Kiel 15,034 Holstein-Stadion
60%
VfB Lübeck 10,400 Stadion an der Lohmühle
60%
FC Kilia Kiel 5,500 Kilia-Platz
40%
Eintracht Norderstedt 5,000 Edmund-Plambeck-Stadion
20%
SV Eichede 3000 Ernst-Wagener-Stadion
20%
SC Weiche Flensburg 08 10,000 Flensburger Stadion
20%
VfR Neumünster 4,999 Grümmi-Arena
20%
Oldenburger SV 2,500 Hans-Peter-Storm-Stadion
20%
Kaltenkirchener TS 3,500 Stadion am Marschweg
20%
Heider SV 11,000 Stadion an der Meldorfer Straße
20%
Keine übereinstimmenden Quizze gefunden
Verteilung der Resultate
Anzahl Personen mit jedem Resultat
Perzentil nach korrekt beantworteten Fragen
Ihre Resultats-Entwicklung
Sie haben dieses Quiz noch nicht gespielt